Top 25 European Soccer Teams - Statistics

General Stats
  • This quiz has been taken 1,465 times
  • The average score is 16 of 25
Answer Stats
Position Club % Correct
2 Real Madrid
99%
15 Barcelona
96%
1 Manchester City
96%
17 Manchester United
93%
3 Bayern Munich
91%
4 Liverpool
91%
6 Paris Saint-Germain
89%
19 Arsenal
88%
21 AC Milan
86%
10 Chelsea
86%
8 Inter Milan
85%
7 Borussia Dortmund
82%
14 Atlético Madrid
81%
22 Juventus
78%
24 Napoli
62%
11 Bayer Leverkusen
57%
5 AS Roma
55%
16 Porto
53%
13 SL Benfica
53%
20 Atalanta
29%
9 Villarreal
24%
25 Feyenoord
23%
18 West Ham United
18%
23 Club Brugge
12%
12 RB Leipzig
9%
No matching quizzes found
Score Distribution
Percent of People with Each Score
Percentile by Number Answered
Your Score History
You have not taken this quiz